<?xml version="1.0" encoding="UTF-8"?>
<record
    xmlns:xsi="http://www.w3.org/2001/XMLSchema-instance"
    xsi:schemaLocation="http://www.loc.gov/MARC21/slim http://www.loc.gov/standards/marcxml/schema/MARC21slim.xsd"
    xmlns="http://www.loc.gov/MARC21/slim">

  <leader>01916nam a2200289 a 4500</leader>
  <controlfield tag="001">78064</controlfield>
  <controlfield tag="003">BD-RjUL</controlfield>
  <controlfield tag="005">20211209083102.0</controlfield>
  <controlfield tag="008">210314s2003    bg  |||| m||| 00| 0 Ara d</controlfield>
  <datafield tag="035" ind1=" " ind2=" ">
    <subfield code="a">(BD-RjUL)78290</subfield>
  </datafield>
  <datafield tag="040" ind1=" " ind2=" ">
    <subfield code="a">BD-RjUL</subfield>
    <subfield code="b">ben /eng</subfield>
    <subfield code="c">BD-RjUL</subfield>
    <subfield code="d">BD-RjUL</subfield>
  </datafield>
  <datafield tag="041" ind1=" " ind2=" ">
    <subfield code="a">ara</subfield>
  </datafield>
  <datafield tag="082" ind1=" " ind2=" ">
    <subfield code="a">892.7309</subfield>
    <subfield code="b">ISA 2003</subfield>
    <subfield code="2">23</subfield>
  </datafield>
  <datafield tag="100" ind1=" " ind2=" ">
    <subfield code="a">&#x987;&#x9B8;&#x9B2;&#x9BE;&#x9AE;, &#x9AE;&#x9CB;. &#x9B0;&#x9AC;&#x9BF;&#x989;&#x9B2; </subfield>
    <subfield code="9">246346</subfield>
  </datafield>
  <datafield tag="245" ind1="1" ind2="0">
    <subfield code="a">&#x986;&#x9B2;-&#x986;&#x9A8;&#x9BE;&#x9B8;&#x9BF;&#x9B0; &#x986;&#x9B2;-&#x9B0;&#x9BE;&#x987;&#x9B8;&#x9C0;&#x9AF;&#x9BC;&#x9BE; &#x9AB;&#x9C0; &#x9B0;&#x9BF;&#x993;&#x9AF;&#x9BC;&#x9BE;&#x9A4;&#x9BF; &#x99C;&#x9C1;&#x9B0;&#x99C;&#x9C0; &#x9AF;&#x9BE;&#x9AF;&#x9BC;&#x9A6;&#x9BE;&#x9A8; =&#x99C;&#x9C1;&#x9B0;&#x99C;&#x9C0; &#x9AF;&#x9BE;&#x9AF;&#x9BC;&#x9A6;&#x9BE;&#x9A8;&#x9C7;&#x9B0; &#x989;&#x9AA;&#x9A8;&#x9CD;&#x9AF;&#x9BE;&#x9B8;&#x9C7;&#x9B0; &#x9AE;&#x9C2;&#x9B2; &#x989;&#x9AA;&#x9BE;&#x9A6;&#x9BE;&#x9A8; &#x9B8;&#x9AE;&#x9C2;&#x9B9; /</subfield>
    <subfield code="c">&#x987;&#x9B8;&#x9B2;&#x9BE;&#x9AE;, &#x9AE;&#x9CB;. &#x9B0;&#x9AC;&#x9BF;&#x989;&#x9B2; ;</subfield>
    <subfield code="6">&#x9A4;&#x9A4;&#x9CD;&#x9A4;&#x9CD;&#x9AC;&#x9BE;&#x9AC;&#x9A7;&#x9BE;&#x9AF;&#x9BC;&#x995;: &#x98F;. &#x995;&#x9C7;. &#x98F;&#x9AE;. &#x9B6;&#x9BE;&#x9AE;&#x9B8;&#x9C1;&#x9B2; &#x986;&#x9B2;&#x9AE;</subfield>
  </datafield>
  <datafield tag="246" ind1=" " ind2=" ">
    <subfield code="a">Al-Anasir Al-Raisia fe rewati zurzi jaidan / Md. Robiul Islam</subfield>
  </datafield>
  <datafield tag="260" ind1=" " ind2=" ">
    <subfield code="a">&#x9B0;&#x9BE;&#x99C;&#x9B6;&#x9BE;&#x9B9;&#x9C0; :</subfield>
    <subfield code="b">&#x986;&#x9B0;&#x9AC;&#x9C0; &#x9AC;&#x9BF;&#x9AD;&#x9BE;&#x997;, &#x9B0;&#x9BE;&#x99C;&#x9B6;&#x9BE;&#x9B9;&#x9C0; &#x9AC;&#x9BF;&#x9B6;&#x9CD;&#x9AC;&#x9AC;&#x9BF;&#x9A6;&#x9CD;&#x9AF;&#x9BE;&#x9B2;&#x9AF;&#x9BC;,</subfield>
    <subfield code="c">&#x9E8;&#x9E6;&#x9E6;&#x9E9;</subfield>
  </datafield>
  <datafield tag="300" ind1=" " ind2=" ">
    <subfield code="a">[&#x9E7;&#x9E6;], &#x9E8;&#x9E6;&#x9E7; &#x9AA;&#x9BE;&#x9A4;&#x9BE; :</subfield>
    <subfield code="b">&#x99A;&#x9BF;&#x9A4;&#x9CD;&#x9B0; ;</subfield>
    <subfield code="c">&#x9E8;&#x9EF; &#x9B8;&#x9C7;&#x9AE;&#x9BF;.</subfield>
  </datafield>
  <datafield tag="500" ind1=" " ind2=" ">
    <subfield code="a">"&#x9AE;&#x9C2;&#x9B2; &#x9AA;&#x9BE;&#x9A0; &#x986;&#x9B0;&#x9AC;&#x9C0; &#x9AD;&#x9BE;&#x9B7;&#x9BE;&#x9AF;&#x9BC;"</subfield>
  </datafield>
  <datafield tag="500" ind1=" " ind2=" ">
    <subfield code="a">"&#x9AC;&#x9BF;&#x9AC;&#x9B2;&#x9BF;&#x993;&#x997;&#x9CD;&#x9B0;&#x9BE;&#x9AB;&#x9BF;&#x995; &#x9A4;&#x9A5;&#x9CD;&#x9AF; &#x9AC;&#x9BE;&#x982;&#x9B2;&#x9BE; &#x993; &#x986;&#x9B0;&#x9AC;&#x9C0; &#x9AD;&#x9BE;&#x9B7;&#x9BE;&#x9AF;&#x9BC; &#x9A6;&#x9C7;&#x9AF;&#x9BC;&#x9BE; &#x986;&#x99B;&#x9C7;" &#x964;</subfield>
  </datafield>
  <datafield tag="502" ind1=" " ind2=" ">
    <subfield code="a">&#x9A5;&#x9BF;&#x9B8;&#x9BF;&#x9B8; (&#x9AA;&#x9BF;&#x98F;&#x987;&#x99A;. &#x9A1;&#x9BF;.) -- &#x986;&#x9B0;&#x9AC;&#x9C0; &#x9B8;&#x9CD;&#x99F;&#x9BE;&#x9A1;&#x9BF;&#x99C; &#x9AC;&#x9BF;&#x9AD;&#x9BE;&#x997;, &#x9B0;&#x9BE;&#x99C;&#x9B6;&#x9BE;&#x9B9;&#x9C0; &#x9AC;&#x9BF;&#x9B6;&#x9CD;&#x9AC;&#x9AC;&#x9BF;&#x9A6;&#x9CD;&#x9AF;&#x9BE;&#x9B2;&#x9AF;&#x9BC;, &#x9E8;&#x9E6;&#x9E6;&#x9E9;</subfield>
  </datafield>
  <datafield tag="504" ind1=" " ind2=" ">
    <subfield code="a">&#x997;&#x9CD;&#x9B0;&#x9A8;&#x9CD;&#x9A5;&#x9AA;&#x99E;&#x9CD;&#x99C;&#x9C0; : &#x9AA;&#x9BE;&#x9A4;&#x9BE; [&#x9E7;&#x9ED;&#x9E6;]-&#x9E7;&#x9ED;&#x9EB;</subfield>
  </datafield>
  <datafield tag="650" ind1=" " ind2=" ">
    <subfield code="a">&#x986;&#x9B0;&#x9AC;&#x9C0; &#x989;&#x9AA;&#x9A8;&#x9CD;&#x9AF;&#x9BE;&#x9B8;</subfield>
    <subfield code="x">&#x987;&#x9A4;&#x9BF;&#x9B9;&#x9BE;&#x9B8; &#x993; &#x9B8;&#x9AE;&#x9BE;&#x9B2;&#x9CB;&#x99A;&#x9A8;&#x9BE;</subfield>
    <subfield code="9">246347</subfield>
  </datafield>
  <datafield tag="650" ind1=" " ind2=" ">
    <subfield code="a">Arabic Fiction</subfield>
    <subfield code="x">History and Criticism</subfield>
    <subfield code="9">246348</subfield>
  </datafield>
  <datafield tag="700" ind1=" " ind2=" ">
    <subfield code="a">&#x986;&#x9B2;&#x9AE;,  &#x98F;. &#x995;&#x9C7;. &#x98F;&#x9AE;. &#x9B6;&#x9BE;&#x9AE;&#x9B8;&#x9C1;&#x9B2;, &#x9A4;&#x9A4;&#x9CD;&#x9A4;&#x9CD;&#x9AC;&#x9BE;&#x9AC;&#x9A7;&#x9BE;&#x9AF;&#x9BC;&#x995;</subfield>
    <subfield code="9">246349</subfield>
  </datafield>
  <datafield tag="942" ind1=" " ind2=" ">
    <subfield code="2">ddc</subfield>
    <subfield code="c">THE</subfield>
  </datafield>
  <datafield tag="999" ind1=" " ind2=" ">
    <subfield code="c">78064</subfield>
    <subfield code="d">78064</subfield>
  </datafield>
  <datafield tag="952" ind1=" " ind2=" ">
    <subfield code="0">0</subfield>
    <subfield code="1">0</subfield>
    <subfield code="2">ddc</subfield>
    <subfield code="4">0</subfield>
    <subfield code="7">1</subfield>
    <subfield code="8">THESES</subfield>
    <subfield code="a">RUCL</subfield>
    <subfield code="b">RUCL</subfield>
    <subfield code="c">Doc/The</subfield>
    <subfield code="d">2004-04-19</subfield>
    <subfield code="e">Controller of Exam. , R. U. </subfield>
    <subfield code="l">0</subfield>
    <subfield code="o">ATHE 892.7309 ISA 2003</subfield>
    <subfield code="r">2021-03-21 00:00:00</subfield>
    <subfield code="t">C-1</subfield>
    <subfield code="w">2021-12-09</subfield>
    <subfield code="y">THE</subfield>
  </datafield>
</record>
